Reconnaître les personnages pixélisés - Intermédiaire - Statistiques

Statistiques générales
  • Ce quiz a été pris 64 fois
  • Le résultat moyen est 10 sur 15
Statistiques - réponses
Par images Réponse % Correct
La Panthère Rose
98%
Titeuf
95%
Franklin
93%
Babar
87%
Tom et Jerry
85%
Dragon Ball
78%
Tic et Tac
69%
Woody Woodpecker
69%
Kim Possible
62%
Les Supers Nanas
62%
Pokémon
62%
La famille pirate
60%
Looney Tunes
40%
Atomic Betty
33%
Courage le chien froussard
25%
Aucun quiz correspondant
Distribution des résultats
% des personnes avec chaque résultat
Percentile par nombre de réponses
Votre historique - résultats
Vous n’avez pas pris ce quiz